000
00244nam a2200085Ia 4500
008
180219s9999 xx 000 0 und d
100
_a
Sharrma Satish
245
0
_a
Research Method S In Behavioural And Social Science
260
_a
Vinay Rakheja R. Lall Meerut
260
_c
2013
999
_c
42203
_d
42203